Central Library OPAC University of Rajshahi

De finibus bonorum et malorum / (Record no. 30825)

MARC details
000 -LEADER
fixed length control field 01170cam a22003611 4500
001 - CONTROL NUMBER
control field 30825
003 - CONTROL NUMBER IDENTIFIER
rucl marc code BD-RjUL
005 - DATE AND TIME OF LATEST TRANSACTION
control field 20211209051624.0
008 - FIXED-LENGTH DATA ELEMENTS--GENERAL INFORMATION
fixed length control field 140412s1951 mau b 000 0 eng d
035 ## - SYSTEM CONTROL NUMBER
System control number (OCoLC)10410172
System control number (OCoLC)ocm10410172
System control number (BD-RjUL)30912
System control number (NNC)1148184
040 ## - CATALOGING SOURCE
Original cataloging agency NNC
Transcribing agency NNC
Language of cataloging eng
Modifying agency BD-RjUL
041 1# - LANGUAGE CODE
Language code of text/sound track or separate title lat
Language code of original eng
082 ## - DEWEY DECIMAL CLASSIFICATION NUMBER
Classification number 186
Author mark and year CID 1951
100 1# - MAIN ENTRY--PERSONAL NAME
Personal name Cicero, Marcus Tullius.
9 (RLIN) 93629
245 10 - TITLE STATEMENT
Title De finibus bonorum et malorum /
Statement of responsibility, etc. with an English translation by H. Rackham.
250 ## - EDITION STATEMENT
Edition statement [2d ed.]
260 ## - PUBLICATION, DISTRIBUTION, ETC. (IMPRINT)
Place of publication, distribution, etc. Cambridge, Mass.,
Name of publisher, distributor, etc. Harvard University Press;
Place of publication, distribution, etc. London,
Name of publisher, distributor, etc. W. Heinemann,
Date of publication, distribution, etc. 1951.
300 ## - PHYSICAL DESCRIPTION
Pagination xxvii, 511 p. ;
Size 17 cm.
490 1# - SERIES STATEMENT
Series statement His Cicero, 17
Series statement Loeb classical library. [Latin]
500 ## - GENERAL NOTE
General note Latin and English on opposite pages.
General note Originally published 1931.
504 ## - BIBLIOGRAPHY, ETC. NOTE
Bibliography, etc "Bibliographical notes": p. xxv-xxvii.
650 #0 - SUBJECT ADDED ENTRY--TOPICAL TERM
Topical term or geographic name as entry element Ethics.
9 (RLIN) 93630
700 1# - ADDED ENTRY--PERSONAL NAME
Personal name Rackham, H.
Fuller form of name (Harris),
Dates associated with a name 1868-1944,
Relator term translator.
830 #0 - SERIES ADDED ENTRY--UNIFORM TITLE
Volume number/sequential designation 40.
830 #0 - SERIES ADDED ENTRY--UNIFORM TITLE
Uniform title Loeb classical library ;
942 ## - ADDED ENTRY ELEMENTS (KOHA)
Source of classification or shelving scheme Dewey Decimal Classification
Koha item type Books
Holdings
Lost status Source of classification or shelving scheme Damaged status Not for loan Permanent Location Current Location Shelving location Date acquired Source of acquisition Cost, normal purchase price Total Checkouts Full call number Date last seen Copy number Koha item type
  Dewey Decimal Classification   Not For Loan Central Library, University of Rajshahi Central Library, University of Rajshahi Reading Room 09/03/1955 Simpkai marshall 15.00   186 CID 1951 12/04/2014 C-1 Books